00923cam a2200205 a 45000010009000000050017000090080041000260200018000670410008000850800013000932450138001062500012002442640030002563000029002866530197003156530035005126530124005476530025006717000021006961661133120210615135032.0110114s2015 njua b 001 0 eng  a9789332550223 aeng a376 T-2900aTeaching students with special needs in inclusive settings /cTom E. C. Smith, Polloway, Edward A.; Patton, James R.; Dowdy, Carol A. a6th ed. aBoston :bPearson,c2012. a581 p. :bill. ;c28 cm. aსპეციალური საჭიროების მქონე სტუდენტების სწავლება ინკლუზიურ პირობებში aპედაგოგიკა aОбучение студентов с особыми потребностями в инклюзивной среде aПедагогика1 aSmith, Tom E. C.